000
00328nam a22001457a 4500
008
210311b ||||| |||| 00| 0 eng d
020
_a
2900757579270
041
_a
eng
080
_2
3rd
_a
37
082
_a
37
100
_a
46
101
_a
EDU
245
_a
Technical Writing The Fundamentals
_c
Worley,W.L
942
_2
udc
_c
BK
999
_c
56358
_d
56358